| 000 | 01558nam a2200325 i 4500 | ||
|---|---|---|---|
| 005 | 20260208163000.0 | ||
| 008 | 260208t20252024nyuao fr 001 0 eng d | ||
| 020 |
_a9781499477993 _cRM295.00 _qhardback |
||
| 040 |
_aPPAK _beng _cPPAK _erda |
||
| 082 | 0 | 4 |
_223 _a536 |
| 090 | 0 | 0 |
_a536 _bCLA _dR |
| 100 | 1 |
_aClark, John O. E., _d1937- _eauthor. |
|
| 245 | 1 | 4 |
_aTHE BASICS OF HEAT / _cJOHN O.E. CLARK ; Editor: Ashley Brown |
| 250 | _aSecond edition, 2025 | ||
| 264 | 1 |
_aBuffalo, NY : _bThe Rosen Publishing Group, _c2025 |
|
| 264 | 4 | _c©2024 | |
| 300 |
_a96 pages : _billustrations (chiefly colour) ; _c24 cm |
||
| 336 |
_atext _2rdacontent |
||
| 337 |
_aunmediated _2rdamedia |
||
| 338 |
_avolume _2rdacarrier |
||
| 490 | 1 | _aCORE CONCEPTS | |
| 500 | _aIncludes bibliographical references and index. | ||
| 520 | _a"Heat is not just a temperature. Heat refers to energy transferred from one body to another that is at a lower temperature. This transfer occurs often without us knowing it, but it is ever-present and crucial to all life. This volume examines the basics of heat and the related concept of temperature. Detailed diagrams help illustrate such concepts as specific heat capacity and latent heat. Clear text explains the difference between conduction, convection, and radiation, as well as emitters, absorbers, and more"--Amazon. | ||
| 521 | _aGrade: 7-12. | ||
| 650 | 1 | 0 | _aHeat |
| 650 | 2 | 0 |
_aHeat _xTransmission |
| 700 | 1 |
_aBrown, Ashley, _eeditor. |
|
| 830 | 0 | _aCore concepts | |
| 942 |
_2ddc _cB |
||
| 999 |
_c202973 _d202973 |
||